[Event "CP-2013-P-00037"]
[Site "LSS email"]
[Date "2013.09.30"]
[Round "?"]
[White "Chiriffe, Rosa"]
[Black "De Ridder, Michael"]
[Result "0-1"]
[WhiteElo "1753"]
[BlackElo "1635"]
[PlyCount "54"]
[EventDate "2013.10.01"]
[EventType "tourn (corr)"]
[EventRounds "6"]
[EventCountry "GER"]
[SourceTitle "Corr 2015"]
[Source "ChessBase"]
[SourceDate "2015.07.17"]
[SourceVersion "1"]
[SourceVersionDate "2015.07.17"]
[SourceQuality "1"]

1. e4 e6 2. d4 d5 3. Nc3 Bb4 4. e5 c5 5. a3 Bxc3+ 6. bxc3 Qc7 7. Qg4 Kf8 8. Bd2 Bd7 9. Bd3 c4 10. Be2 Ba4 11. Rc1 h5 12. Qg5 g6 13. Nf3 Qe7 14. Qg3 Qxa3 15. 0-0 Bc6 16. Ra1 Qe7 17. Bg5 Qe8 18. Qf4 a5 19. Nh4 Kg7 20. Kh1 Nd7 21. Rg1 f6 22. exf6+ Ngxf6 23. g4 hxg4 24. Bxg4 Ne4 25. f3 Nf2+ 26. Kg2 Nxg4 27. Qxg4 Qf7 0-1

[Event "CP-2013-P-00037"]
[Site "LSS email"]
[Date "2013.09.30"]
[Round "?"]
[White "Chiriffe, Rosa"]
[Black "Yangibayev, N."]
[Result "0-1"]
[WhiteElo "1753"]
[BlackElo "910"]
[PlyCount "39"]
[EventDate "2013.10.01"]
[EventType "tourn (corr)"]
[EventRounds "6"]
[EventCountry "GER"]
[SourceTitle "Corr 2015"]
[Source "ChessBase"]
[SourceDate "2015.07.17"]
[SourceVersion "1"]
[SourceVersionDate "2015.07.17"]
[SourceQuality "1"]

1. e4 c6 2. d4 d5 3. e5 c5 4. c4 e6 5. Nf3 cxd4 6. Nxd4 Bc5 7. Nc3 a6 8. Be3 Ne7 9. Nxe6 fxe6 10. Bxc5 Nbc6 11. cxd5 exd5 12. Bd3 0-0 13. 0-0 h6 14. f4 Bf5 15. Bxf5 Rxf5 16. Qb3 Qd7 17. Rad1 Na5 18. Qc2 Nc4 19. Nxd5 Ne3 20. Nxe7+ 0-1

[Event "BI-2013-P-00021"]
[Site "LSS email"]
[Date "2013.04.22"]
[Round "?"]
[White "Chiriffe, Rosa"]
[Black "Almeida, Ramiro da Costa"]
[Result "0-1"]
[WhiteElo "1830"]
[BlackElo "2178"]
[PlyCount "86"]
[EventDate "2013.04.25"]
[EventType "tourn (corr)"]
[EventRounds "10"]
[EventCountry "GER"]
[SourceTitle "Telechess CBM 167"]
[Source "ChessBase"]
[SourceDate "2015.07.13"]
[SourceVersion "1"]
[SourceVersionDate "2015.07.13"]
[SourceQuality "1"]

1. e4 c5 2. Nf3 Nc6 3. Bb5 g6 4. Bxc6 dxc6 5. d3 Bg7 6. h3 Nf6 7. Nc3 0-0 8. Be3 b6 9. Qd2 e5 10. Bh6 Qd6 11. 0-0 Re8 12. Rad1 Bh8 13. Qe3 Nh5 14. Ne2 Ng7 15. Rd2 Ne6 16. c3 Ba6 17. Rfd1 Rad8 18. h4 Qe7 19. h5 Rd6 20. Ng3 Red8 21. Ng5 Bf6 22. Nf3 R8d7 23. Nf1 Qd8 24. c4 Bc8 25. hxg6 hxg6 26. N1h2 Bh8 27. a3 f6 28. b4 g5 29. bxc5 Nxc5 30. d4 exd4 31. Nxd4 Qe8 32. Nf1 Qxe4 33. f3 Qxe3+ 34. Nxe3 Rd8 35. Nxc6 Rxd2 36. Nxd8 Re2 37. Nd5 Bd7 38. Nc3 Re7 39. Kf2 Rh7 40. Rh1 Nd3+ 41. Kg1 f5 42. Nd5 Bd4+ 43. Kf1 Nf4 0-1

[Event "BI-2013-P-00021"]
[Site "LSS email"]
[Date "2013.04.22"]
[Round "?"]
[White "Chiriffe, Rosa"]
[Black "Lonyuk, Bohdan"]
[Result "1-0"]
[WhiteElo "1830"]
[BlackElo "1151"]
[PlyCount "53"]
[EventDate "2013.04.25"]
[EventType "tourn (corr)"]
[EventRounds "10"]
[EventCountry "GER"]
[SourceTitle "Telechess CBM 167"]
[Source "ChessBase"]
[SourceDate "2015.07.13"]
[SourceVersion "1"]
[SourceVersionDate "2015.07.13"]
[SourceQuality "1"]

1. e4 e5 2. Nf3 Nc6 3. Bc4 Bc5 4. 0-0 Nf6 5. Nc3 d6 6. h3 0-0 7. d3 a6 8. Bg5 h6 9. Bh4 Be6 10. Bb3 Bxb3 11. axb3 g5 12. Nxg5 hxg5 13. Bxg5 Re8 14. Nd5 Re6 15. c3 Nb8 16. Nxf6+ Rxf6 17. Qg4 Kf8 18. Bxf6 Qxf6 19. Qc8+ Kg7 20. Qxb7 Ra7 21. Qxb8 Qe7 22. b4 Bb6 23. Kh1 Qe6 24. f4 f6 25. Rf3 Qb3 26. Rg3+ Kf7 27. Qg8+ 1-0

[Event "BI-2013-P-00021"]
[Site "LSS email"]
[Date "2013.04.22"]
[Round "?"]
[White "Chiriffe, Rosa"]
[Black "Nemec, Zdenek"]
[Result "1/2-1/2"]
[WhiteElo "1830"]
[BlackElo "2163"]
[PlyCount "47"]
[EventDate "2013.04.25"]
[EventType "tourn (corr)"]
[EventRounds "10"]
[EventCountry "GER"]
[SourceTitle "Telechess CBM 167"]
[Source "ChessBase"]
[SourceDate "2015.07.13"]
[SourceVersion "1"]
[SourceVersionDate "2015.07.13"]
[SourceQuality "1"]

1. e4 c5 2. Nf3 d6 3. Bb5+ Nd7 4. d4 a6 5. Bxd7+ Bxd7 6. 0-0 cxd4 7. Qxd4 e5 8. Qd3 h6 9. c4 b5 10. Nc3 bxc4 11. Qxc4 Nf6 12. Qd3 Be7 13. Be3 Be6 14. Nd2 0-0 15. Nc4 Nxe4 16. Nxe4 Bxc4 17. Qxc4 d5 18. Qa4 dxe4 19. Qxe4 Qa5 20. Rfd1 Qb5 21. Rab1 Rad8 22. Rxd8 Rxd8 23. g3 Bf8 24. a4 1/2-1/2

[Event "BI-2013-P-00021"]
[Site "LSS email"]
[Date "2013.04.22"]
[Round "?"]
[White "Garcia, Manuel Valentim Per"]
[Black "Chiriffe, Rosa"]
[Result "1/2-1/2"]
[WhiteElo "1911"]
[BlackElo "1830"]
[PlyCount "81"]
[EventDate "2013.04.25"]
[EventType "tourn (corr)"]
[EventRounds "10"]
[EventCountry "GER"]
[SourceTitle "Telechess CBM 167"]
[Source "ChessBase"]
[SourceDate "2015.07.13"]
[SourceVersion "1"]
[SourceVersionDate "2015.07.13"]
[SourceQuality "1"]

1. d4 Nf6 2. c4 g6 3. Nc3 Bg7 4. Nf3 d6 5. g3 0-0 6. Bg2 Nc6 7. 0-0 a6 8. Qd3 e5 9. dxe5 dxe5 10. Qxd8 Rxd8 11. Bg5 Be6 12. Nd2 Nd4 13. Rfd1 c6 14. e3 Nc2 15. Rab1 h6 16. Bxf6 Bxf6 17. Nb3 Be7 18. a3 Rxd1+ 19. Rxd1 a5 20. Be4 Nxa3 21. bxa3 Bxa3 22. Na4 Bxc4 23. Nbc5 Bxc5 24. Nxc5 a4 25. Nxb7 a3 26. g4 a2 27. Ra1 Ra6 28. Kg2 Kf8 29. h4 Ke7 30. g5 hxg5 31. hxg5 Bd5 32. Nc5 Ra3 33. Bf3 Kd6 34. Ne4+ Bxe4 35. Bxe4 Kc5 36. Kf3 Ra7 37. Ke2 Ra5 38. Kd3 Kb4 39. Bxc6 Kb3 40. Ke4 Kb2 41. Rxa2+ 1/2-1/2

[Event "WC-2017-P-00014"]
[Site "LSS email"]
[Date "2013.02.27"]
[Round "?"]
[White "Andraschko, Felix"]
[Black "Chiriffe, Rosa"]
[Result "1-0"]
[WhiteElo "2176"]
[BlackElo "1753"]
[PlyCount "107"]
[EventDate "2013.03.03"]
[EventType "tourn (corr)"]
[EventRounds "12"]
[EventCountry "GER"]
[SourceTitle "Corr 2015"]
[Source "ChessBase"]
[SourceDate "2015.07.17"]
[SourceVersion "1"]
[SourceVersionDate "2015.07.17"]
[SourceQuality "1"]

1. d4 Nf6 2. c4 g6 3. g3 c5 4. Nf3 Bg7 5. Bg2 Qa5+ 6. Nc3 Ne4 7. Qd3 cxd4 8. Nxd4 Nc5 9. Qd1 Nc6 10. Be3 Ne6 11. Nxe6 dxe6 12. 0-0 Bxc3 13. bxc3 0-0 14. Qb3 Qc7 15. Qb5 e5 16. Rab1 Rd8 17. f4 Na5 18. Qxe5 Qxe5 19. fxe5 Nxc4 20. Bg5 Rb8 21. Bxe7 Re8 22. Bg5 Nxe5 23. Rb5 Bd7 24. Rxb7 Rxb7 25. Bxb7 Bb5 26. Rf4 Bxe2 27. Bf6 Bb5 28. Re4 Nf3+ 29. Kg2 Rxe4 30. Bxe4 Nd2 31. Bb7 Bc4 32. a3 a5 33. Kf2 Be6 34. Ke2 Nc4 35. Be7 f5 36. Kd3 Kf7 37. Bc5 g5 38. Kd4 Nd2 39. Bd6 Nc4 40. Bc7 a4 41. Bc6 Ke7 42. Bxa4 Nxa3 43. Be5 Nc4 44. Bd1 Kf7 45. Bc7 Nd2 46. Bh5+ Ke7 47. Be2 Kd7 48. Bb8 Ke7 49. c4 Kd7 50. Kc3 Ne4+ 51. Kd3 Bf7 52. Ke3 Kc6 53. g4 Nd6 54. gxf5 1-0

[Event "BI-2012-F-00013"]
[Site "LSS email"]
[Date "2013.02.15"]
[Round "?"]
[White "Chiriffe, Rosa"]
[Black "Laine, Jari"]
[Result "1/2-1/2"]
[WhiteElo "1830"]
[BlackElo "1816"]
[PlyCount "47"]
[EventDate "2013.02.20"]
[EventType "tourn (corr)"]
[EventRounds "10"]
[EventCountry "GER"]
[SourceTitle "Telechess CBM 163"]
[Source "ChessBase"]
[SourceDate "2014.11.11"]
[SourceVersion "2"]
[SourceVersionDate "2014.11.11"]
[SourceQuality "1"]

1. d4 d5 2. Nf3 Nc6 3. Bf4 Bg4 4. e3 e6 5. c4 Bb4+ 6. Nc3 Nf6 7. Rc1 0-0 8. h3 Bf5 9. a3 Bxc3+ 10. Rxc3 Na5 11. Bg5 Nxc4 12. Bxc4 dxc4 13. Rxc4 h6 14. Bxf6 Qxf6 15. Rxc7 Rfc8 16. Rxc8+ Rxc8 17. 0-0 Rc2 18. Re1 Rxb2 19. e4 Bg6 20. Qc1 Rb5 21. Ne5 Kh7 22. Qe3 Qd8 23. Nxg6 fxg6 24. Rd1 1/2-1/2

[Event "BI-2012-F-00013"]
[Site "LSS email"]
[Date "2013.02.15"]
[Round "?"]
[White "Chiriffe, Rosa"]
[Black "Mostowik, Daniel"]
[Result "1/2-1/2"]
[WhiteElo "1830"]
[BlackElo "1763"]
[PlyCount "51"]
[EventDate "2013.02.20"]
[EventType "tourn (corr)"]
[EventRounds "10"]
[EventCountry "GER"]
[SourceTitle "Telechess CBM 163"]
[Source "ChessBase"]
[SourceDate "2014.11.11"]
[SourceVersion "2"]
[SourceVersionDate "2014.11.11"]
[SourceQuality "1"]

1. d4 Nf6 2. c4 g6 3. Nc3 Bg7 4. e4 d6 5. f4 0-0 6. Nf3 c5 7. d5 e6 8. Be2 exd5 9. cxd5 Re8 10. e5 dxe5 11. fxe5 Ng4 12. e6 fxe6 13. Bg5 Qb6 14. Qd2 Bxc3 15. bxc3 exd5 16. 0-0 c4+ 17. Nd4 Nc6 18. h3 Nxd4 19. cxd4 h6 20. Rab1 Rxe2 21. Qf4 Rf2 22. Rxf2 Qxb1+ 23. Rf1 Qxf1+ 24. Qxf1 hxg5 25. hxg4 Bxg4 26. Qf6 1/2-1/2

[Event "CP-2012-P-00039"]
[Site "LSS email"]
[Date "2012.10.01"]
[Round "?"]
[White "Chiriffe, Rosa"]
[Black "Ramponelli, Roberto"]
[Result "1/2-1/2"]
[WhiteElo "1808"]
[BlackElo "2116"]
[PlyCount "84"]
[EventDate "2012.10.05"]
[EventType "tourn (corr)"]
[EventRounds "6"]
[EventCountry "GER"]
[SourceTitle "Telechess CBM 161"]
[Source "ChessBase"]
[SourceDate "2014.07.16"]
[SourceVersion "1"]
[SourceVersionDate "2014.07.16"]
[SourceQuality "1"]

1. e4 Nf6 2. e5 Nd5 3. d4 d6 4. Nf3 g6 5. Bc4 Nb6 6. Bb3 Bg7 7. exd6 cxd6 8. 0-0 0-0 9. Re1 Nc6 10. c3 Bf5 11. Na3 Rc8 12. h3 Na5 13. d5 Re8 14. Be3 a6 15. Bd4 Bh6 16. Nh2 Qc7 17. Ng4 Bxg4 18. hxg4 Nd7 19. Bc2 Ne5 20. Be4 Qd7 21. Bxe5 dxe5 22. Qe2 Bg7 23. Rad1 Qd6 24. g3 Red8 25. Kg2 h6 26. Nc2 Nc4 27. b3 Nb6 28. c4 Nd7 29. Ne3 a5 30. Rb1 Nf6 31. Qd3 Nd7 32. Rh1 Nc5 33. Qc2 b6 34. Bf3 Qd7 35. a3 Rc7 36. d6 Rcc8 37. dxe7 Qxe7 38. Nd5 Qe6 39. Rhe1 b5 40. a4 b4 41. Be4 Re8 42. f3 Qd6 1/2-1/2

[Event "SC-2012-0-00156"]
[Site "LSS email"]
[Date "2012.09.09"]
[Round "?"]
[White "Correa de Almeida, Claudio"]
[Black "Chiriffe, Rosa"]
[Result "0-1"]
[WhiteElo "1626"]
[BlackElo "1808"]
[PlyCount "110"]
[EventDate "2012.08.01"]
[EventType "tourn (corr)"]
[EventRounds "6"]
[EventCountry "GER"]
[SourceTitle "Telechess CBM 161"]
[Source "ChessBase"]
[SourceDate "2014.07.16"]
[SourceVersion "1"]
[SourceVersionDate "2014.07.16"]
[SourceQuality "1"]

1. d4 Nf6 2. Bg5 c6 3. Bxf6 exf6 4. e3 Qb6 5. Qc1 d5 6. c4 Be6 7. Nf3 Nd7 8. cxd5 cxd5 9. Bd3 Bd6 10. Qc2 g6 11. 0-0 0-0 12. a4 Qa5 13. Nc3 Rfc8 14. h4 Kg7 15. h5 Bb4 16. Rfc1 Rc7 17. Qb3 Nb6 18. Na2 Rxc1+ 19. Rxc1 Bd6 20. Nc3 Rc8 21. Rc2 a6 22. g3 g5 23. Nd2 Bb4 24. Ndb1 Bg4 25. h6+ Kxh6 26. f3 Bd7 27. Rh2+ Kg7 28. Rxh7+ Kf8 29. Kf2 Rc7 30. Bc2 Kg8 31. Rh5 Nc4 32. g4 Be6 33. Ke2 Bxc3 34. Nxc3 Nxb2 35. Nb1 Nc4 36. Kf2 Bd7 37. Rh1 Nd6 38. Bd1 Rc1 39. Qa3 Qc7 40. Nd2 Rxd1 41. Rxd1 Ne4+ 42. fxe4 Qh2+ 43. Kf3 Qh3+ 44. Kf2 Qh4+ 45. Ke2 Bxg4+ 46. Kd3 Bxd1 47. Qb2 g4 48. exd5 Qh2 49. d6 g3 50. d7 Qe2+ 51. Ke4 Qg4+ 52. Kd3 Be2+ 53. Kc3 Qxd7 54. Qa1 g2 55. Qg1 Qh3 0-1

[Event "SC-2012-0-00154"]
[Site "LSS email"]
[Date "2012.08.20"]
[Round "?"]
[White "Ustimenko, Aleksandr"]
[Black "Chiriffe, Rosa"]
[Result "1/2-1/2"]
[WhiteElo "2012"]
[BlackElo "1808"]
[PlyCount "39"]
[EventDate "2012.07.16"]
[EventType "tourn (corr)"]
[EventRounds "6"]
[EventCountry "GER"]
[SourceTitle "Telechess CBM 161"]
[Source "ChessBase"]
[SourceDate "2014.07.16"]
[SourceVersion "1"]
[SourceVersionDate "2014.07.16"]
[SourceQuality "1"]

1. b4 e5 2. a3 d5 3. e3 Nf6 4. Bb2 Nbd7 5. c4 a5 6. Nc3 axb4 7. axb4 Rxa1 8. Qxa1 dxc4 9. b5 Bd6 10. Bxc4 0-0 11. Nf3 Qe7 12. Qb1 Nc5 13. d3 Bg4 14. Nd2 Nfd7 15. 0-0 Nb6 16. Ba2 Ra8 17. Nde4 Be6 18. Nxc5 Bxa2 19. Nxa2 Bxc5 20. Nc3 1/2-1/2

[Event "BI-2012-P-00028"]
[Site "LSS email"]
[Date "2012.04.20"]
[Round "?"]
[White "Andraschko, Felix"]
[Black "Chiriffe, Rosa"]
[Result "1/2-1/2"]
[WhiteElo "2177"]
[BlackElo "1732"]
[PlyCount "83"]
[EventDate "2012.04.22"]
[EventType "tourn (corr)"]
[EventRounds "10"]
[EventCountry "GER"]
[SourceTitle "Telechess CBM 159"]
[Source "ChessBase"]
[SourceDate "2014.03.17"]
[SourceVersion "1"]
[SourceVersionDate "2014.03.17"]
[SourceQuality "1"]

1. e4 e5 2. Nf3 Nc6 3. Bb5 a6 4. Ba4 Nf6 5. 0-0 Be7 6. Re1 b5 7. Bb3 0-0 8. d4 Nxd4 9. Bxf7+ Rxf7 10. Nxe5 Rf8 11. Qxd4 Bb7 12. Nc3 c5 13. Qd1 Qc7 14. Ng4 Rae8 15. Nxf6+ Bxf6 16. Nd5 Qe5 17. Nxf6+ Qxf6 18. f3 d5 19. exd5 Rxe1+ 20. Qxe1 Bxd5 21. c3 Qg6 22. Qg3 Qxg3 23. hxg3 Re8 24. Kf2 h5 25. Be3 Rc8 26. a4 Kf7 27. Rd1 Be6 28. axb5 axb5 29. Rh1 g6 30. Rh4 Kf6 31. Rf4+ Ke5 32. Re4+ Kd5 33. Bf4 Bf5 34. Re5+ Kc4 35. Be3 b4 36. Bd2 Kb3 37. cxb4 cxb4 38. Rb5 Kxb2 39. Rxb4+ Kc2 40. Rd4 Rc6 41. Ba5 Re6 42. g4 1/2-1/2

[Event "BI-2012-P-00028"]
[Site "LSS email"]
[Date "2012.04.20"]
[Round "?"]
[White "Chiriffe, Rosa"]
[Black "Bichik, Aleksandr Mihail"]
[Result "1/2-1/2"]
[WhiteElo "1732"]
[BlackElo "1868"]
[PlyCount "113"]
[EventDate "2012.04.22"]
[EventType "tourn (corr)"]
[EventRounds "10"]
[EventCountry "GER"]
[SourceTitle "Telechess CBM 159"]
[Source "ChessBase"]
[SourceDate "2014.03.17"]
[SourceVersion "1"]
[SourceVersionDate "2014.03.17"]
[SourceQuality "1"]

1. d4 Nf6 2. c4 e6 3. Nc3 d5 4. Nf3 Nbd7 5. Bf4 Bd6 6. Bxd6 cxd6 7. cxd5 Nxd5 8. Nxd5 exd5 9. e3 Nf6 10. Bd3 0-0 11. 0-0 Qe7 12. Rc1 Be6 13. Qa4 a6 14. Rc2 Rac8 15. Rfc1 Rxc2 16. Rxc2 Rc8 17. Nd2 Qd8 18. Nb1 g6 19. Rxc8 Qxc8 20. Qc2 Qxc2 21. Bxc2 Nd7 22. Nc3 Kf8 23. Kf1 Ke7 24. Ke2 f5 25. f3 g5 26. Kf2 b5 27. a3 Nb6 28. b3 Kf6 29. Bd3 Nc8 30. Ke2 h6 31. Kd2 Ne7 32. Na2 h5 33. Nb4 Bc8 34. g3 Ke6 35. Kc3 Kd7 36. Nc2 Kc7 37. Ne1 Ng6 38. Ng2 g4 39. Be2 Bd7 40. Nf4 Nxf4 41. exf4 a5 42. b4 a4 43. Kd2 Kd8 44. Ke3 Ke7 45. h3 gxh3 46. Kf2 Kf6 47. Kg1 Be8 48. Kh2 Ke7 49. Kxh3 Kf7 50. Kh4 Kg6 51. g4 hxg4 52. fxg4 fxg4 53. Bxg4 Kf6 54. Bc8 Bc6 55. Kg4 Kg6 56. Be6 Be8 57. Bxd5 1/2-1/2

[Event "BI-2012-P-00028"]
[Site "LSS email"]
[Date "2012.04.20"]
[Round "?"]
[White "Chiriffe, Rosa"]
[Black "Gatto, Valeria"]
[Result "1/2-1/2"]
[WhiteElo "1732"]
[BlackElo "900"]
[PlyCount "51"]
[EventDate "2012.04.22"]
[EventType "tourn (corr)"]
[EventRounds "10"]
[EventCountry "GER"]
[SourceTitle "Telechess CBM 159"]
[Source "ChessBase"]
[SourceDate "2014.03.17"]
[SourceVersion "1"]
[SourceVersionDate "2014.03.17"]
[SourceQuality "1"]

1. d4 d5 2. Nf3 Nf6 3. c4 e6 4. g3 Be7 5. Bg2 0-0 6. 0-0 dxc4 7. Na3 Bxa3 8. bxa3 Bd7 9. Qc2 Bc6 10. Qxc4 Nbd7 11. Bf4 Rc8 12. Rac1 h6 13. Qb3 Qe7 14. Qb2 Rfd8 15. Rfd1 Nd5 16. Bd2 N5b6 17. Bb4 Qf6 18. Nd2 Bxg2 19. Kxg2 Qg6 20. e4 f5 21. Re1 fxe4 22. Nxe4 Nd5 23. Qb3 b6 24. Rc6 Nb8 25. Rc2 Qf5 26. f3 1/2-1/2

[Event "BI-2012-P-00028"]
[Site "LSS email"]
[Date "2012.04.20"]
[Round "?"]
[White "Malmstroem, Jan"]
[Black "Chiriffe, Rosa"]
[Result "1/2-1/2"]
[WhiteElo "1750"]
[BlackElo "1732"]
[PlyCount "54"]
[EventDate "2012.04.22"]
[EventType "tourn (corr)"]
[EventRounds "10"]
[EventCountry "GER"]
[SourceTitle "Telechess CBM 159"]
[Source "ChessBase"]
[SourceDate "2014.03.17"]
[SourceVersion "1"]
[SourceVersionDate "2014.03.17"]
[SourceQuality "1"]

1. e4 c5 2. c3 d5 3. exd5 Qxd5 4. d4 Nf6 5. Nf3 Bg4 6. Be2 e6 7. h3 Bh5 8. 0-0 cxd4 9. cxd4 Nc6 10. Be3 Be7 11. Nc3 Qd6 12. Qb3 0-0 13. Rfd1 Rfd8 14. Rac1 h6 15. a3 Rac8 16. g4 Bg6 17. Bf1 Qb8 18. Bg2 Ne4 19. Nxe4 Bxe4 20. Ne5 Nxd4 21. Rxc8 Ne2+ 22. Kf1 Bxg2+ 23. Kxg2 Rxc8 24. Nxf7 Kxf7 25. Re1 b6 26. Rxe2 Qe5 27. Qd3 Rd8 1/2-1/2

[Event "SD-2011-0-00128"]
[Site "LSS email"]
[Date "2012.01.31"]
[Round "?"]
[White "Chiriffe, Rosa"]
[Black "Hall, Dick"]
[Result "1-0"]
[WhiteElo "1705"]
[BlackElo "1630"]
[PlyCount "99"]
[EventDate "2011.12.08"]
[EventType "tourn (corr)"]
[EventRounds "6"]
[EventCountry "GER"]
[SourceTitle "Telechess CBM 165"]
[Source "ChessBase"]
[SourceDate "2015.03.11"]
[SourceVersion "1"]
[SourceVersionDate "2015.03.11"]
[SourceQuality "1"]

1. d4 g6 2. e4 Bg7 3. Nc3 c5 4. d5 d6 5. Nf3 Nf6 6. Be2 0-0 7. 0-0 Na6 8. h3 Nc7 9. a4 e6 10. dxe6 Nxe6 11. Bc4 Re8 12. a5 Qe7 13. Qd3 a6 14. Re1 Rb8 15. Nd5 Qf8 16. Nb6 Nd7 17. c3 Nxb6 18. axb6 Qe7 19. Rd1 Bf8 20. e5 dxe5 21. Nxe5 Rd8 22. Bd5 Bd7 23. Qf3 Bg7 24. Re1 Bxe5 25. Rxe5 Qd6 26. Qf6 Qf8 27. Bxe6 Bxe6 28. Be3 Qg7 29. Qf4 Rbc8 30. Bxc5 Rc6 31. Rae1 Re8 32. Bd4 f6 33. R5e4 Qf7 34. g4 Bd7 35. Rxe8+ Bxe8 36. Qb8 Re6 37. Rxe6 Qxe6 38. Kh2 Qe4 39. Qd6 g5 40. Qxf6 Qf4+ 41. Qxf4 gxf4 42. Kg2 Bc6+ 43. f3 h5 44. Be5 hxg4 45. hxg4 Kf7 46. Bxf4 Kf6 47. Kg3 Bd7 48. Bc7 Bc8 49. f4 Bd7 50. f5 1-0

[Event "SD-2011-0-00128"]
[Site "LSS email"]
[Date "2012.01.31"]
[Round "?"]
[White "Metz, Larry R"]
[Black "Chiriffe, Rosa"]
[Result "0-1"]
[WhiteElo "1368"]
[BlackElo "1705"]
[PlyCount "92"]
[EventDate "2011.12.08"]
[EventType "tourn (corr)"]
[EventRounds "6"]
[EventCountry "GER"]
[SourceTitle "Telechess CBM 165"]
[Source "ChessBase"]
[SourceDate "2015.03.11"]
[SourceVersion "1"]
[SourceVersionDate "2015.03.11"]
[SourceQuality "1"]

1. e4 c5 2. Nf3 d6 3. d4 cxd4 4. Nxd4 Nf6 5. Nc3 g6 6. Bb5+ Bd7 7. Bg5 Bg7 8. 0-0 Nc6 9. Nxc6 bxc6 10. Be2 Rb8 11. Rb1 0-0 12. Qd2 Re8 13. Qf4 Be6 14. Bh6 Bh8 15. b3 Qa5 16. Na4 Rb4 17. c4 d5 18. a3 Rbb8 19. exd5 cxd5 20. cxd5 Nxd5 21. Qf3 Rec8 22. Rfc1 Be5 23. Bc4 Rd8 24. h3 Bg7 25. Bxg7 Kxg7 26. h4 h5 27. Rd1 Rbc8 28. Nb2 Rd6 29. Rd3 f6 30. b4 Qd8 31. Bxd5 Bxd5 32. Qe2 e6 33. Rbd1 Qd7 34. Rg3 e5 35. Qxh5 Be4 36. Rxd6 Qxd6 37. Kh2 Rh8 38. Qd1 Rxh4+ 39. Kg1 Qd4 40. Qc1 g5 41. Nd1 Bd3 42. Nb2 Bf5 43. Rc3 Qd8 44. Rc4 e4 45. g3 Rh5 46. Rc7+ Kh6 0-1

[Event "SD-2011-0-00122"]
[Site "LSS email"]
[Date "2011.11.28"]
[Round "?"]
[White "Chiriffe, Rosa"]
[Black "Zhdanenia, Konstantin A"]
[Result "0-1"]
[WhiteElo "1623"]
[BlackElo "1906"]
[PlyCount "88"]
[EventDate "2011.10.30"]
[EventType "tourn (corr)"]
[EventRounds "6"]
[EventCountry "GER"]
[SourceTitle "Corr 2015"]
[Source "ChessBase"]
[SourceDate "2015.07.17"]
[SourceVersion "1"]
[SourceVersionDate "2015.07.17"]
[SourceQuality "1"]

1. d4 c5 2. d5 e6 3. c4 Nf6 4. Nc3 exd5 5. cxd5 d6 6. e4 g6 7. Nge2 a6 8. a4 Bg7 9. Ng3 h5 10. Be2 Nbd7 11. Nf1 0-0 12. Bg5 Qc7 13. a5 Nh7 14. Bf4 b5 15. axb6 Nxb6 16. h4 Re8 17. f3 f5 18. Ne3 Qe7 19. Qd2 Rb8 20. g3 Bd4 21. Nc2 Be5 22. 0-0 fxe4 23. fxe4 Bh3 24. Rf2 Nd7 25. Ne3 Nhf6 26. Bxe5 Nxe5 27. Rxa6 Rb4 28. Rf4 Reb8 29. Ra2 Nfg4 30. Nxg4 Bxg4 31. Rf1 c4 32. Rfa1 R4b7 33. Kg2 Bxe2 34. Qxe2 Qg7 35. Ra8 Nd3 36. Nd1 Kh7 37. Rxb8 Rxb8 38. Ra6 Nxb2 39. Ne3 Qc3 40. Ra7+ Kg8 41. Rc7 Nd3 42. Nxc4 Rf8 43. Rc6 Ne1+ 44. Kh3 Nf3 0-1

[Event "SD-2011-0-00122"]
[Site "LSS email"]
[Date "2011.11.28"]
[Round "?"]
[White "Koziol, Pawel"]
[Black "Chiriffe, Rosa"]
[Result "1/2-1/2"]
[WhiteElo "1515"]
[BlackElo "1623"]
[PlyCount "91"]
[EventDate "2011.10.30"]
[EventType "tourn (corr)"]
[EventRounds "6"]
[EventCountry "GER"]
[SourceTitle "Corr 2015"]
[Source "ChessBase"]
[SourceDate "2015.07.17"]
[SourceVersion "1"]
[SourceVersionDate "2015.07.17"]
[SourceQuality "1"]

1. e4 c5 2. Nf3 d6 3. d4 cxd4 4. Nxd4 Nf6 5. Nc3 g6 6. Be3 Bg7 7. f3 0-0 8. Qd2 Nc6 9. 0-0-0 d5 10. exd5 Nxd5 11. Nxc6 bxc6 12. Bd4 e5 13. Bc5 Be6 14. Ne4 Re8 15. h4 Nf4 16. Qe1 Bd5 17. h5 f5 18. hxg6 hxg6 19. Nd6 Re6 20. g3 Rxd6 21. gxf4 Rd7 22. fxe5 Bxf3 23. Bc4+ Bd5 24. Bxd5+ Rxd5 25. Qg3 Qe8 26. Rxd5 cxd5 27. Bd6 Rc8 28. Kb1 Qe6 29. Rg1 Re8 30. Qxg6 Qxg6 31. Rxg6 Kf7 32. Rg5 f4 33. Rf5+ Ke6 34. Rxf4 Bxe5 35. Bxe5 Kxe5 36. Rf1 Rh8 37. a4 Rh4 38. b3 d4 39. Re1+ Kd5 40. Re7 a6 41. Rd7+ Kc6 42. Rd8 Rf4 43. Kb2 Rh4 44. Ka3 Kc7 45. Rd5 Kc6 46. Rd8 1/2-1/2